LEGO Ninjago: The Skulkin - Statistics

General Stats
  • This quiz has been taken 151 times
  • The average score is 6 of 9
Answer Stats
Role Character % Correct
Skulkin General #1 Samukai
95%
Skulkin General #3 Kruncha
75%
Boss Lord Garmadon
72%
Skulkin General #4 Nuckal
65%
Skulkin General #2 Wyplash
59%
Skulkin Warrior #4 Krazi
56%
Skulkin Warrior #2 Bonezai
53%
Skulkin Warrior #3 Chopov
47%
Skulkin Warrior #1 Frakjaw
45%
No matching quizzes found
Score Distribution
Percent of People with Each Score
Percentile by Number Answered
Your Score History
You have not taken this quiz